000 00924cam a22002775a 4500
001 15255322
005 20161219100329.0
008 080410s2008 nyu 000 0 eng
010 _a 2008926908
020 _a9781848003170 (hardcover : alk. paper)
020 _a9781848003187 (E- ISBN)
040 _aDLC
_cDLC
082 _222
_a621.317
_bPOW
245 1 0 _aPower electronics in smart electrical energy networks /
_cRyszard Strzelecki, Grzegorz Benysek.
260 _aLondon :
_bSpringer,
_cc2008.
263 _a0808
300 _axviii, 414 p. :
_bill.;
_c24 cm.
440 0 _aPower systems ;
_v1612-1287
_x16121287
_93724
504 _aIncludes bibliographical references and index.
650 1 _93725
_aPower electronics
650 1 _93726
_aElectric networks
700 1 _aStrzelecki, Ryszard.
_93727
700 1 _aBenysek, Grzegorz
_93728
942 _2ddc
_cBB
999 _c11309
_d11309